Mission affirmed : (Record no. 9542)

MARC details
000 -LEADER
fixed length control field 01486cam a2200373 i 4500
001 - CONTROL NUMBER
control field 1255777575
003 - CONTROL NUMBER IDENTIFIER
control field OCoLC
005 - DATE AND TIME OF LATEST TRANSACTION
control field 20241126110714.0
008 - FIXED-LENGTH DATA ELEMENTS--GENERAL INFORMATION
fixed length control field 210626s2022 iluab b 001 0 eng c
010 ## -
-- 2021015192
020 ## - INTERNATIONAL STANDARD BOOK NUMBER
International Standard Book Number 9781433573804
Qualifying information (trade paperback)
020 ## - INTERNATIONAL STANDARD BOOK NUMBER
International Standard Book Number 1433573806
020 ## - INTERNATIONAL STANDARD BOOK NUMBER
Canceled/invalid ISBN 9781433573811
Qualifying information (pdf)
020 ## - INTERNATIONAL STANDARD BOOK NUMBER
Canceled/invalid ISBN 9781433573828
Qualifying information (mobi)
020 ## - INTERNATIONAL STANDARD BOOK NUMBER
Canceled/invalid ISBN 9781433573835
Qualifying information (epub)
035 ## - SYSTEM CONTROL NUMBER
System control number (OCoLC)1255777575
040 ## - CATALOGING SOURCE
Original cataloging agency LBSOR/DLC
Language of cataloging eng
Description conventions rda
Transcribing agency DLC
Modifying agency OCLCO
-- OCLCF
042 ## -
-- pcc
082 ## - DEWEY DECIMAL CLASSIFICATION NUMBER
Classification number 266
Item number CLA
092 ## - LOCALLY ASSIGNED DEWEY CALL NUMBER (OCLC)
Classification number 266
Item number C592M
100 1# - MAIN ENTRY--PERSONAL NAME
Personal name Clark, Elliot,
Relator term author
9 (RLIN) 16610
245 10 - TITLE STATEMENT
Title Mission affirmed :
Remainder of title recovering the missionary motivation of Paul /
Statement of responsibility, etc. Elliot Clark
264 #1 - PRODUCTION, PUBLICATION, DISTRIBUTION, MANUFACTURE, AND COPYRIGHT NOTICE
Place of production, publication, distribution, manufacture Wheaton, Illinois :
Name of producer, publisher, distributor, manufacturer Crossway,
Date of production, publication, distribution, manufacture, or copyright notice [2022]
300 ## - PHYSICAL DESCRIPTION
Extent 253 pages :
Other physical details illustrations, maps ;
Dimensions 22 cm
504 ## - BIBLIOGRAPHY, ETC. NOTE
Bibliography, etc. note Includes bibliographical references and indexes
520 ## - SUMMARY, ETC.
Summary, etc. "Using the example of the apostle Paul, this book shows how God's approval on the last day is what guides the missionary ambition of declaring God's glory among the nations"--
Assigning source Provided by publisher
600 00 - SUBJECT ADDED ENTRY--PERSONAL NAME
Personal name Paul,
Titles and other words associated with a name the Apostle, Saint
9 (RLIN) 1848
630 00 - SUBJECT ADDED ENTRY--UNIFORM TITLE
Uniform title Bible.
Name of part/section of a work Epistles of Paul
General subdivision Theology
9 (RLIN) 2757
650 #0 - SUBJECT ADDED ENTRY--TOPICAL TERM
Topical term or geographic name entry element Mission of the church
9 (RLIN) 50
650 #0 - SUBJECT ADDED ENTRY--TOPICAL TERM
Topical term or geographic name entry element Missions
General subdivision Biblical teaching
9 (RLIN) 481
710 2# - ADDED ENTRY--CORPORATE NAME
Corporate name or jurisdiction name as entry element Gospel Coalition
9 (RLIN) 16611
776 08 - ADDITIONAL PHYSICAL FORM ENTRY
Relationship information Online version:
Main entry heading Clark, Elliot.
Title Mission affirmed
Place, publisher, and date of publication Wheaton, Illinois : Crossway, [2022]
International Standard Book Number 9781433573811
Record control number (DLC) 2021015193
942 ## - ADDED ENTRY ELEMENTS (KOHA)
Source of classification or shelving scheme Dewey Decimal Classification
Koha item type Books
Holdings
Withdrawn status Lost status Source of classification or shelving scheme Damaged status Not for loan Home library Current Library Shelving location Date acquired Total checkouts Full call number Barcode Date last seen Copy number Price effective from Koha item type
    Dewey Decimal Classification     GRACE BIBLE COLLEGE GRACE BIBLE COLLEGE Ministry & Mission 2023-03-14   266 CLA 016034 2025-05-01 c.1 2023-03-14 Books
© Grace Bible College Library 2025